| 000 | 01222cam a2200157 4500500 | ||
|---|---|---|---|
| 005 | 20260329034121.0 | ||
| 041 | _afre | ||
| 042 | _adc | ||
| 100 | 1 | 0 |
_aBergez, Daniel _eauthor |
| 700 | 1 | 0 |
_aGéraud, Violaine _eauthor |
| 700 | 1 | 0 |
_aRobrieux, Jean-Jacques _eauthor |
| 245 | 0 | 0 | _aLes mots de la critique : Vocabulaire de l'analyse littéraire |
| 260 |
_bArmand Colin,
_c2020. |
||
| 520 | _aD’« accent » à « zeugme » en passant par « connotation » et « métaphore », les auteurs définissent et commentent environ 380 termes et notions essentielles pour l’analyse littéraire.Bénéficiant des acquis de la linguistique, de la stylistique et de la critique, chaque notion fait l’objet d’un exposé complet. Les définitions sont toujours accompagnées d’exemples commentés. L’exposé qui suit met en rapport le terme avec l’histoire, l’esthétique et la pratique du commentaire.Ce vocabulaire est à la fois un ouvrage de consultation rapide qui permet de vérifier une définition, et un ouvrage de réflexion orienté vers la perception esthétique du fait littéraire. | ||
| 856 | 4 | 1 | _uhttps://shs.cairn.info/les-mots-de-la-critique--9782200626440?lang=fr&redirect-ssocas=7080 |
| 999 |
_c1961020 _d1961020 |
||